| 000 | 00622nam a2200217 a 4500 | ||
|---|---|---|---|
| 005 | 20210219153359.0 | ||
| 008 | 991125n 000 0 eng u | ||
| 035 | _aUPN01000095365 | ||
| 100 | _aHernandez-Delgado, Julio L. | ||
| 222 | _aTHE LIBRARY QUARTERLY | ||
| 245 | _aPura Teresa Belpre, Storyteller and pioneer Puerto Rica Librarian | ||
| 300 | _a425-440 | ||
| 362 | _a1992 62, no. 4 | ||
| 653 | 0 | _aBIBLIOTECARIOS | |
| 653 | 0 | _aLIBRERIAS INFANTILES | |
| 653 | 0 | _aNORTEAMERICANOS-HISPANOS | |
| 653 | 0 | _aPUERTORIQUE\197OS | |
| 653 | 0 | _aSERVICIOS DE BIBLIOTECA | |
| 904 |
_aAC _b033176 |
||
| 905 | _aArticulo | ||
| 999 |
_c75461 _d75461 |
||